[Event "Collado Villaoba op-B 34th"]
[Site "Collado Villalba"]
[Date "2017.08.24"]
[Round "3.26"]
[White "Martin Rodriguez, Jose Luis"]
[Black "Martin Garcia, Francisco Javier"]
[Result "0-1"]
[WhiteElo "1291"]
[BlackElo "1551"]
[PlyCount "101"]
[EventDate "2017.08.22"]
[EventType "swiss"]
[EventRounds "9"]
[EventCountry "ESP"]

1. c4 Nf6 2. Nc3 d5 3. cxd5 Nxd5 4. Nf3 g6 5. d4 Bg7 6. e3 O-O 7. Bd3 c5 8. Qb3
e6 9. Nxd5 exd5 10. dxc5 Qa5+ 11. Bd2 Qxc5 12. Bb4 Qb6 13. Bxf8 Qxb3 14. axb3
Kxf8 15. Ra5 Be6 16. Nd4 Nc6 17. Nxe6+ fxe6 18. Ra4 Bxb2 19. Kd2 b6 20. Rb1 Bg7
21. Bb5 Na5 22. Rf4+ Ke7 23. b4 Nb7 24. Bc6 Rb8 25. Bxb7 Rxb7 26. Rc1 e5 27.
Rf3 a5 28. Rb1 a4 29. e4 d4 30. Ra3 b5 31. Kd3 Rc7 32. Ra2 Rc3+ 33. Ke2 Bh6 34.
f3 d3+ 35. Kd1 d2 36. Rxd2 Bxd2 37. Kxd2 Rc4 38. Ke3 Rc2 39. Rd1 Rb2 40. Rd5
Rxb4 41. Rxe5+ Kd6 42. Rd5+ Ke6 43. Rd4 Rb1 44. Rd2 a3 45. Ra2 b4 46. Kd3 Rc1
47. Rc2 Rb1 48. Ra2 Rc1 49. g4 Rc3+ 50. Kd2 Rxf3 51. Kc2 0-1

[Event "Collado Villaoba op-B 34th"]
[Site "Collado Villalba"]
[Date "2017.08.24"]
[Round "3.27"]
[White "Picazo Sancho, Alvaro"]
[Black "Llamas Martinez, Pablo"]
[Result "1/2-1/2"]
[WhiteElo "1772"]
[BlackElo "1397"]
[PlyCount "82"]
[EventDate "2017.08.22"]
[EventType "swiss"]
[EventRounds "9"]
[EventCountry "ESP"]

1. e4 c5 2. Nf3 Nc6 3. d4 cxd4 4. Nxd4 Nf6 5. Nc3 e5 6. Nb3 Bb4 7. Bd3 Bxc3+ 8.
bxc3 d6 9. Bg5 Be6 10. O-O h6 11. Bh4 Qd7 12. f3 g5 13. Bf2 g4 14. a3 Rg8 15.
c4 b6 16. a4 h5 17. Bh4 Nh7 18. a5 bxa5 19. Nxa5 Nxa5 20. Rxa5 Qc7 21. Qd2 gxf3
22. Rxf3 Bg4 23. Rf2 Rb8 24. Rb5 Rxb5 25. cxb5 Rg6 26. Qe3 Nf8 27. c4 Qb6 28.
Qxb6 axb6 29. Ra2 Ne6 30. Ra8+ Kd7 31. Ra7+ Ke8 32. Kf2 Nc5 33. Ke3 Be6 34. g3
Nxd3 35. Kxd3 f5 36. exf5 Bxf5+ 37. Ke3 Rg4 38. Rc7 Rd4 39. Rc6 Kd7 40. Rxb6
Rxc4 41. Ra6 Rb4 1/2-1/2

[Event "Collado Villaoba op-B 34th"]
[Site "Collado Villalba"]
[Date "2017.08.24"]
[Round "3.28"]
[White "Garcia Prada, Guillermo"]
[Black "Suarez Prieto, Leopoldo"]
[Result "1/2-1/2"]
[WhiteElo "1375"]
[BlackElo "1648"]
[PlyCount "108"]
[EventDate "2017.08.22"]
[EventType "swiss"]
[EventRounds "9"]
[EventCountry "ESP"]

1. e4 e5 2. Nf3 Bc5 3. Nc3 a6 4. Nxe5 d6 5. Nf3 Bg4 6. Bc4 b5 7. Bb3 c6 8. d3
Nf6 9. O-O Nbd7 10. Bf4 Nh5 11. Bxf7+ Kxf7 12. Ng5+ Qxg5 13. Bxg5 Bxd1 14.
Raxd1 Nhf6 15. Rfe1 h6 16. Bh4 g5 17. Bg3 Nh5 18. d4 Bb4 19. e5 Nxg3 20. hxg3
Rae8 21. f4 Bxc3 22. bxc3 gxf4 23. gxf4 dxe5 24. dxe5 Nb6 25. Rd6 Re6 26. Red1
Rhe8 27. Kf2 Rxd6 28. Rxd6 Rc8 29. Rxh6 Nd5 30. Rh3 Ke6 31. Rf3 Rf8 32. g3 Kf5
33. Rd3 b4 34. cxb4 Nxb4 35. Rc3 Rh8 36. Kg2 Rd8 37. Kf3 Rd2 38. g4+ Ke6 39.
Ke4 Re2+ 40. Kf3 Rxc2 41. Rxc2 Nxc2 42. Ke4 a5 43. f5+ Ke7 44. g5 Nb4 45. f6+
Kf7 46. Kf5 Nd5 47. g6+ Kg8 48. e6 Ne3+ 49. Ke4 Ng4 50. f7+ Kf8 51. Kf5 Ne3+
52. Kg5 c5 53. Kf4 Nd5+ 54. Kg5 Ne7 1/2-1/2

[Event "Collado Villaoba op-B 34th"]
[Site "Collado Villalba"]
[Date "2017.08.24"]
[Round "3.29"]
[White "Vazquez Rodriguez, Francisco"]
[Black "Rapaport, Andres Natalio"]
[Result "1-0"]
[WhiteElo "1579"]
[BlackElo "1362"]
[PlyCount "80"]
[EventDate "2017.08.22"]
[EventType "swiss"]
[EventRounds "9"]
[EventCountry "ESP"]

1. e4 e6 2. d4 d5 3. Nc3 c5 4. e5 a6 5. f4 Nc6 6. Nf3 Nh6 7. Be3 Qb6 8. Rb1 Nf5
9. dxc5 Bxc5 10. Bxc5 Qxc5 11. Qd2 O-O 12. Bd3 Qe3+ 13. Qxe3 Nxe3 14. Kf2 d4
15. Ne2 Nf5 16. Bxf5 exf5 17. Nfxd4 Nxd4 18. Nxd4 b5 19. Rhe1 Be6 20. Nxe6 fxe6
21. Rbd1 Rac8 22. Re2 Rfd8 23. Rdd2 Rd5 24. Rxd5 exd5 25. Rd2 Rd8 26. c3 Kf7
27. Ke3 Ke6 28. h3 h5 29. g3 g6 30. Rg2 Rh8 31. Kd4 Rc8 32. b3 a5 33. Rc2 a4
34. c4 dxc4 35. bxc4 b4 36. Rb2 b3 37. axb3 a3 38. Ra2 Ra8 39. h4 Ra5 40. Kc3
Ra6 1-0

[Event "Collado Villaoba op-B 34th"]
[Site "Collado Villalba"]
[Date "2017.08.24"]
[Round "3.30"]
[White "Guerra Pantojo, Daniel"]
[Black "Criado Herrero, Luis"]
[Result "1-0"]
[WhiteElo "1390"]
[BlackElo "1526"]
[PlyCount "109"]
[EventDate "2017.08.22"]
[EventType "swiss"]
[EventRounds "9"]
[EventCountry "ESP"]

1. e4 c5 2. Nf3 d6 3. d4 cxd4 4. Nxd4 Nf6 5. Nc3 e6 6. Be2 a6 7. O-O Nc6 8. Nf3
b5 9. a3 Bb7 10. Re1 Be7 11. Be3 Qc7 12. h3 Rd8 13. Rb1 d5 14. exd5 Nxd5 15.
Nxd5 Rxd5 16. Qc1 O-O 17. Rd1 Rfd8 18. c3 e5 19. Qc2 g6 20. Rd2 f5 21. Rxd5
Rxd5 22. c4 Nd4 23. Nxd4 exd4 24. Rc1 dxe3 25. cxd5 exf2+ 26. Kxf2 Bh4+ 27. Kg1
Qe5 28. Bf3 Bxd5 29. Bxd5+ Qxd5 30. Qc5 Qd2 31. Qc3 Qe2 32. Kh1 f4 33. Qc8+ Kg7
34. Qc7+ Kh6 35. Qxf4+ Bg5 36. Qf8+ Kh5 37. Rf1 Qxb2 38. Qf7 Qh8 39. g4+ Kh6
40. Qf8+ Qxf8 41. Rxf8 a5 42. Rb8 b4 43. axb4 Bf4 44. Rb7 axb4 45. Rxb4 Kg5 46.
Kg2 Bd6 47. Rd4 Be5 48. Rd5 Kf6 49. Kf3 g5 50. Ke4 Bg3 51. Rd7 Kg6 52. Ra7 Bf2
53. Ra6+ Kg7 54. Kf5 Bh4 55. Rc6 1-0

[Event "Collado Villaoba op-B 34th"]
[Site "Collado Villalba"]
[Date "2017.08.24"]
[Round "3.31"]
[White "Picazo Sancho, Carolina"]
[Black "Perez Rodrigo, Alicia"]
[Result "1-0"]
[WhiteElo "1486"]
[BlackElo "1377"]
[PlyCount "73"]
[EventDate "2017.08.22"]
[EventType "swiss"]
[EventRounds "9"]
[EventCountry "ESP"]

1. e4 c5 2. Nf3 d6 3. d4 cxd4 4. Nxd4 Nf6 5. Nc3 a6 6. Be2 e5 7. Nb3 Be7 8. Be3
O-O 9. O-O Nc6 10. Kh1 Be6 11. f4 exf4 12. Bxf4 Qc7 13. a3 Rfd8 14. Qe1 Rac8
15. Qg3 Ne5 16. Nd4 Qd7 17. Bg5 Kh8 18. Qh4 Rg8 19. Nf5 Bxf5 20. exf5 h6 21.
Bxf6 Bxf6 22. Qh5 Qc6 23. Rad1 Kh7 24. Bf3 Nxf3 25. Rxf3 g6 26. fxg6+ Rxg6 27.
Qd5 Qxd5 28. Nxd5 Kg7 29. Rdf1 Rxc2 30. Rxf6 Rxf6 31. Nxf6 Rxb2 32. Ne8+ Kg6
33. Nxd6 Rb3 34. Nxf7 Rxa3 35. Ne5+ Kh5 36. Rf5+ Kh4 37. g3+ 1-0

[Event "Collado Villaoba op-B 34th"]
[Site "Collado Villalba"]
[Date "2017.08.24"]
[Round "3.32"]
[White "Merino Conrado, Ricardo"]
[Black "Andrade Sandoval, Marian"]
[Result "1/2-1/2"]
[WhiteElo "1474"]
[BlackElo "1222"]
[PlyCount "63"]
[EventDate "2017.08.22"]
[EventType "swiss"]
[EventRounds "9"]
[EventCountry "ESP"]

1. d4 d5 2. c4 c6 3. cxd5 cxd5 4. Nc3 Nf6 5. f3 Bf5 6. Bg5 Nbd7 7. e3 e6 8. Bh4
Rc8 9. Bb5 Be7 10. Nge2 a6 11. Ba4 b5 12. Bb3 Qc7 13. Rc1 Qa5 14. O-O Nb6 15.
Be1 b4 16. Na4 Rxc1 17. Nxc1 O-O 18. a3 Rc8 19. Nd3 Nxa4 20. axb4 Qb5 21. e4
dxe4 22. Bxa4 Qxd3 23. fxe4 Bxe4 24. Bc3 Nd5 25. Qh5 Nf6 26. Qe5 Ng4 27. Qf4 f5
28. Bd7 g5 29. Bxe6+ Kf8 30. Qxg4 Qe3+ 31. Kh1 Bd3 32. Qf3 1/2-1/2

[Event "Collado Villaoba op-B 34th"]
[Site "Collado Villalba"]
[Date "2017.08.24"]
[Round "3.33"]
[White "Gijon Molina, Carlos"]
[Black "Orta Vazquez, Mario"]
[Result "1-0"]
[WhiteElo "1189"]
[BlackElo "1424"]
[PlyCount "103"]
[EventDate "2017.08.22"]
[EventType "swiss"]
[EventRounds "9"]
[EventCountry "ESP"]

1. d3 e6 2. c4 b6 3. Nf3 Bb7 4. e4 g6 5. Nc3 Bg7 6. Qc2 d5 7. Nb5 a6 8. Nbd4 e5
9. Ne2 d4 10. Bg5 Qd6 11. Ng3 Nd7 12. Be2 f6 13. Bd2 a5 14. O-O Ne7 15. a3 O-O
16. b4 a4 17. Qa2 c5 18. Rab1 Kh8 19. bxc5 Nxc5 20. Bb4 Qd7 21. Bxc5 bxc5 22.
Rb2 Nc6 23. Rfb1 Na5 24. Bd1 Bc6 25. h3 Qc7 26. Rb6 Nb3 27. R1xb3 axb3 28. Qxb3
Rfb8 29. Rxb8+ Qxb8 30. Qa2 Qa7 31. Qe2 Qxa3 32. Nh2 Qc1 33. Qg4 Ba4 34. Qe6
Qxd1+ 35. Nhf1 Qxd3 36. Qd5 Rb8 37. Qxc5 Qb1 38. Qa5 Qb4 39. Qc7 d3 40. Nd2 Bh6
41. Ngf1 Bxd2 42. Nxd2 Qf8 43. Qa7 Ra8 44. Qe3 Bc2 45. Nf3 Ra1+ 46. Kh2 Qd8 47.
Qc5 Bd1 48. Nd2 Ra2 49. Qb4 Kg7 50. g4 Kh6 51. Kg3 Qa5 52. Qf8+ 1-0

[Event "Collado Villaoba op-B 34th"]
[Site "Collado Villalba"]
[Date "2017.08.24"]
[Round "3.34"]
[White "Ramirez Nebot, Eneas"]
[Black "Dueñas Delgado, Maximiliano"]
[Result "0-1"]
[WhiteElo "1097"]
[BlackElo "1385"]
[PlyCount "66"]
[EventDate "2017.08.22"]
[EventType "swiss"]
[EventRounds "9"]
[EventCountry "ESP"]

1. e4 g6 2. Nf3 Bg7 3. d4 d6 4. Nc3 a6 5. h3 Nc6 6. Be2 Nf6 7. O-O b5 8. Be3 b4
9. d5 bxc3 10. dxc6 cxb2 11. Rb1 Nxe4 12. Bd4 e5 13. Qd3 Bf5 14. Qe3 exd4 15.
Nxd4 Bxd4 16. Qxd4 Qf6 17. Qxf6 Nxf6 18. Rfe1 O-O 19. Rxb2 Be4 20. Bd3 Bxc6 21.
Re7 Nd5 22. Re1 Nf4 23. Re7 Nxd3 24. cxd3 Ra7 25. g4 Re8 26. Rxe8+ Bxe8 27. Rb8
Kf8 28. Kg2 Ke7 29. Kf3 g5 30. Ke4 f6 31. a4 Bg6+ 32. Kd5 Bxd3 33. Kc6 Be4# 0-1

[Event "Collado Villaoba op-B 34th"]
[Site "Collado Villalba"]
[Date "2017.08.24"]
[Round "3.35"]
[White "Ramirez Ocaña, Eneas"]
[Black "Tudoroiu, Adrian Eugeni"]
[Result "1-0"]
[WhiteElo "1385"]
[BlackElo "1101"]
[PlyCount "85"]
[EventDate "2017.08.22"]
[EventType "swiss"]
[EventRounds "9"]
[EventCountry "ESP"]

1. e4 g6 2. Nf3 Bg7 3. d4 d6 4. Nc3 Nf6 5. Be2 O-O 6. O-O a5 7. a4 Re8 8. Be3
Ng4 9. Bg5 h6 10. Bh4 Nc6 11. Bb5 Bd7 12. h3 Nf6 13. Qd2 Nh7 14. Rad1 g5 15.
Bg3 g4 16. hxg4 Bxg4 17. d5 Bxf3 18. gxf3 Nd4 19. Qd3 Nxb5 20. Nxb5 Bxb2 21. c3
c6 22. dxc6 bxc6 23. Nd4 Ba3 24. Nxc6 Qc8 25. Nd4 Ng5 26. Nf5 h5 27. Kg2 Qa6
28. Qd2 f6 29. Rh1 Kf7 30. Rxh5 Rh8 31. Rdh1 Rxh5 32. Rxh5 e6 33. Nxd6+ Kg6 34.
Rh1 Rd8 35. Qc2 Bxd6 36. e5+ f5 37. exd6 Nxf3 38. Qd1 Qa8 39. Qxf3 Qxf3+ 40.
Kxf3 Rf8 41. d7 Rd8 42. Rd1 Kf7 43. Bc7 1-0

[Event "34. Abierto Collado Villalba 2017 - B"]
[Site "Collado Villalba ESP"]
[Date "2017.08.25"]
[Round "4.1"]
[White "Khudov, Oleksandr"]
[Black "Cuellar Gutierrez, Raul"]
[Result "1-0"]
[WhiteElo "1838"]
[BlackElo "1878"]
[PlyCount "78"]
[EventDate "2017.08.22"]
[EventType "swiss"]
[EventRounds "9"]
[EventCountry "ESP"]
[SourceTitle "Ajedrez en Madrid"]
[Source "lmi"]
[SourceDate "2017.08.22"]
[SourceVersion "1"]
[SourceVersionDate "2017.08.31"]
[SourceQuality "1"]

1. d4 Nf6 2. Nf3 g6 3. Bf4 Bg7 4. e3 d6 5. h3 O-O 6. Be2 b6 7. O-O Bb7 8. a4 a5
9. Nc3 Nbd7 10. Qd3 Re8 11. Rad1 Qc8 12. Bh2 e5 13. dxe5 dxe5 14. Qc4 c6 15.
Ng5 Re7 16. Qh4 Ba6 17. Bxa6 Qxa6 18. Nge4 Ree8 19. Rd6 Re6 20. Rxe6 fxe6 21.
Rd1 Nd5 22. Ng5 Nf8 23. Nce4 Qe2 24. Rc1 Nb4 25. Nf3 Nd5 26. Bxe5 Bxe5 27. Nxe5
Nxe3 28. Qe7 Nd5 29. Qf7+ Kh8 30. Nf6 Nxf6 31. Qxf6+ Kg8 32. Qf7+ Kh8 33. Ng4
Qd2 34. Rf1 Qd7 35. Qf3 Rc8 36. Rd1 Qg7 37. c3 h5 38. Ne3 Qb7 39. Nc4 Rb8 1-0

[Event "34. Abierto Collado Villalba 2017 - B"]
[Site "Collado Villalba ESP"]
[Date "2017.08.25"]
[Round "4.2"]
[White "Sanz Toledano, Alfonso"]
[Black "Alvarez Gonzalez, Eduardo"]
[Result "1-0"]
[WhiteElo "1818"]
[BlackElo "1761"]
[PlyCount "71"]
[EventDate "2017.08.22"]
[EventType "swiss"]
[EventRounds "9"]
[EventCountry "ESP"]
[SourceTitle "Ajedrez en Madrid"]
[Source "lmi"]
[SourceDate "2017.08.22"]
[SourceVersion "1"]
[SourceVersionDate "2017.08.31"]
[SourceQuality "1"]

1. c4 e5 2. e3 Nf6 3. Nf3 Nc6 4. Nc3 Bb4 5. Qc2 Bxc3 6. bxc3 d6 7. Be2 O-O 8.
h3 b6 9. Rb1 Qe7 10. d4 e4 11. Nd2 Bb7 12. Ba3 Rab8 13. Qa4 a6 14. Qb3 Nd7 15.
Kd1 Ba8 16. g3 Rfe8 17. Kc1 a5 18. Qb5 Nd8 19. Qh5 Ne6 20. g4 Qg5 21. Qxg5 Nxg5
22. h4 Ne6 23. Kc2 Bb7 24. Rbg1 f6 25. Bf1 Nef8 26. Bh3 g6 27. g5 f5 28. h5 Re7
29. Bf1 Ba6 30. Rg3 Rg7 31. Bb2 Ne6 32. c5 Bxf1 33. Nxf1 bxc5 34. d5 Nef8 35.
c4 Re7 36. hxg6 1-0

[Event "34. Abierto Collado Villalba 2017 - B"]
[Site "Collado Villalba ESP"]
[Date "2017.08.25"]
[Round "4.3"]
[White "Mataix Fernandez, Ricardo"]
[Black "Bon Ibañez, Alejandro"]
[Result "0-1"]
[WhiteElo "1762"]
[BlackElo "1804"]
[PlyCount "106"]
[EventDate "2017.08.22"]
[EventType "swiss"]
[EventRounds "9"]
[EventCountry "ESP"]
[SourceTitle "Ajedrez en Madrid"]
[Source "lmi"]
[SourceDate "2017.08.22"]
[SourceVersion "1"]
[SourceVersionDate "2017.08.31"]
[SourceQuality "1"]

1. d4 Nf6 2. Bf4 g6 3. e3 Bg7 4. c3 d5 5. Be2 b6 6. Nd2 O-O 7. b4 a5 8. b5 c5
9. a4 Bf5 10. g4 Bc8 11. g5 Ne4 12. Nxe4 dxe4 13. h4 cxd4 14. cxd4 Nd7 15. Qc2
Bb7 16. Rd1 Rc8 17. Qb3 e6 18. h5 Bd5 19. Qb1 Re8 20. hxg6 fxg6 21. Bg4 Qe7 22.
Ne2 Qa3 23. O-O Qxa4 24. Rc1 Bf8 25. Nc3 Qb3 26. Qxb3 Bxb3 27. Nxe4 Kf7 28. Nd2
Bc2 29. Bf3 Bd3 30. Bb7 Bxf1 31. Bxc8 Bxb5 32. Rc7 Rd8 33. Ne4 e5 34. Bxe5 Ke6
35. Nf6 Bd6 36. Nxd7 Bxd7 37. Bxd7+ Rxd7 38. d5+ Ke7 39. Bxd6+ Kxd6 40. Rc6+
Kxd5 41. Rxb6 Ra7 42. Rb3 a4 43. Ra3 Kc4 44. e4 Kb4 45. Ra1 a3 46. f4 Kc3 47.
f5 gxf5 48. exf5 Kb2 49. Rf1 a2 50. Rf2+ Kb3 51. Rf1 a1=Q 52. Rxa1 Rxa1+ 53.
Kf2 Ra5 0-1

[Event "34. Abierto Collado Villalba 2017 - B"]
[Site "Collado Villalba ESP"]
[Date "2017.08.25"]
[Round "4.4"]
[White "Diaz Lopez, Victor"]
[Black "Melcon Diez, Enrique"]
[Result "1-0"]
[WhiteElo "1800"]
[BlackElo "1634"]
[PlyCount "57"]
[EventDate "2017.08.22"]
[EventType "swiss"]
[EventRounds "9"]
[EventCountry "ESP"]
[SourceTitle "Ajedrez en Madrid"]
[Source "lmi"]
[SourceDate "2017.08.22"]
[SourceVersion "1"]
[SourceVersionDate "2017.08.31"]
[SourceQuality "1"]

1. c4 g6 2. g3 c5 3. Bg2 Bg7 4. e3 Nc6 5. Ne2 Nf6 6. Nbc3 d6 7. d4 cxd4 8. Nxd4
Bd7 9. O-O Rc8 10. b3 h5 11. Bb2 h4 12. Nd5 e5 13. Nxf6+ Bxf6 14. Nb5 Be7 15.
Nxd6+ Bxd6 16. Qxd6 Qe7 17. Qxe7+ Kxe7 18. Bxc6 Bxc6 19. Bxe5 f6 20. Bd4 a6 21.
g4 Bf3 22. h3 Rhg8 23. Kh2 Ke6 24. Rac1 Rgf8 25. Rc3 f5 26. g5 f4 27. exf4 Rxf4
28. Re1+ Re4 29. Rce3 1-0

[Event "34. Abierto Collado Villalba 2017 - B"]
[Site "Collado Villalba ESP"]
[Date "2017.08.25"]
[Round "4.5"]
[White "Sotoca Aguado, Jose"]
[Black "Fernandez Estremera, Fernando"]
[Result "1-0"]
[WhiteElo "1885"]
[BlackElo "1722"]
[PlyCount "119"]
[EventDate "2017.08.22"]
[EventType "swiss"]
[EventRounds "9"]
[EventCountry "ESP"]
[SourceTitle "Ajedrez en Madrid"]
[Source "lmi"]
[SourceDate "2017.08.22"]
[SourceVersion "1"]
[SourceVersionDate "2017.08.31"]
[SourceQuality "1"]

1. e4 c6 2. d4 d5 3. Nc3 dxe4 4. Nxe4 Bf5 5. Ng3 Bg6 6. Nf3 Nd7 7. h4 h6 8. h5
Bh7 9. Bd3 Bxd3 10. Qxd3 Ngf6 11. Bd2 Qc7 12. O-O-O O-O-O 13. Ne4 Nxe4 14. Qxe4
Nf6 15. Qe2 e6 16. Kb1 Rd5 17. c4 Rxh5 18. Rxh5 Nxh5 19. Ne5 Nf6 20. Bf4 Qe7
21. Qf3 g5 22. Nxc6 bxc6 23. Qxc6+ Kd8 24. Qa8+ Kd7 25. Be5 Bg7 26. Qxa7+ Ke8
27. Qa8+ Qd8 28. Qc6+ Qd7 29. Qf3 Ke7 30. Qa3+ Ke8 31. Qf3 Ke7 32. d5 exd5 33.
Bxf6+ Bxf6 34. Re1+ Qe6 35. Rxe6+ fxe6 36. cxd5 exd5 37. Qxd5 Rb8 38. Qc5+ Ke6
39. Qc6+ Kf5 40. g4+ Kg6 41. Qc2+ Kf7 42. Qc7+ Ke6 43. Qxb8 Kd5 44. a4 Ke4 45.
a5 Bd4 46. Kc2 Bxf2 47. a6 Kf3 48. Qf8+ Kg3 49. Kd3 Ba7 50. b4 Kxg4 51. b5 h5
52. Ke4 Kh4 53. Qf6 Bg1 54. b6 Bxb6 55. Qxb6 g4 56. a7 g3 57. a8=Q g2 58. Qf2+
Kh3 59. Qaa2 g1=Q 60. Qa3+ 1-0

[Event "34. Abierto Collado Villalba 2017 - B"]
[Site "Collado Villalba ESP"]
[Date "2017.08.25"]
[Round "4.6"]
[White "Gonzalez Pabollet, Jesus Maria"]
[Black "Marivela Santos, Juan Carlos"]
[Result "1-0"]
[WhiteElo "1873"]
[BlackElo "1716"]
[PlyCount "119"]
[EventDate "2017.08.22"]
[EventType "swiss"]
[EventRounds "9"]
[EventCountry "ESP"]
[SourceTitle "Ajedrez en Madrid"]
[Source "lmi"]
[SourceDate "2017.08.22"]
[SourceVersion "1"]
[SourceVersionDate "2017.08.31"]
[SourceQuality "1"]

1. e4 c6 2. f4 d5 3. e5 Bf5 4. Nf3 e6 5. Be2 Bc5 6. d4 Bb4+ 7. c3 Be7 8. O-O
Nd7 9. Be3 h5 10. Ng5 g6 11. Nd2 f6 12. Ngf3 Nh6 13. h3 Qb6 14. b4 a5 15. a3
axb4 16. axb4 O-O 17. Nb3 fxe5 18. fxe5 Nf7 19. Qd2 Rfc8 20. Kh2 Qd8 21. Bd3 b6
22. Bxf5 gxf5 23. Qf2 Kh7 24. Qe2 Kg6 25. Qf2 Kh7 26. Ng1 Qf8 27. Ne2 Ng5 28.
Nf4 Ne4 29. Qf3 Qf7 30. Nxh5 Nxc3 31. g4 Bxb4 32. Bd2 Na2 33. gxf5 Bxd2 34.
Nxd2 Kh6 35. Ng3 Rf8 36. Qf4+ Kh7 37. Qh4+ Kg8 38. fxe6 Qxe6 39. Qg5+ Kh7 40.
Nh5 Qg6 41. Rxf8 Qxg5 42. Rxa8 Qxd2+ 43. Kg3 Qe3+ 44. Kg4 Qxd4+ 45. Nf4 Qxa1
46. Ra7 Qg1+ 47. Kf5 Kh6 48. Rxd7 Qg5+ 49. Ke6 Qxf4 50. Rd6 Nb4 51. Kd7+ Kg7
52. e6 Qf5 53. Kd8 Qf8+ 54. Kd7 Qf5 55. Kd8 Qg5+ 56. Kd7 Kf8 57. h4 Qg7+ 58.
Kc8 Qg4 59. Kd8 Qg5+ 60. hxg5 1-0

[Event "34. Abierto Collado Villalba 2017 - B"]
[Site "Collado Villalba ESP"]
[Date "2017.08.25"]
[Round "4.7"]
[White "Cujba, Anca-Claudia"]
[Black "Tirado Parra, Alberto"]
[Result "0-1"]
[WhiteElo "1664"]
[BlackElo "1863"]
[PlyCount "86"]
[EventDate "2017.08.22"]
[EventType "swiss"]
[EventRounds "9"]
[EventCountry "ESP"]
[SourceTitle "Ajedrez en Madrid"]
[Source "lmi"]
[SourceDate "2017.08.22"]
[SourceVersion "1"]
[SourceVersionDate "2017.08.31"]
[SourceQuality "1"]

1. e4 d6 2. d4 Nf6 3. Nc3 Nbd7 4. g3 e5 5. Nge2 g6 6. Bg2 Bg7 7. O-O O-O 8. h3
c6 9. a4 Re8 10. Be3 b6 11. d5 cxd5 12. Nxd5 Bb7 13. Nec3 Rc8 14. Rc1 Nc5 15.
Bg5 h6 16. Bxf6 Bxf6 17. b3 Bg7 18. h4 h5 19. Nb5 a6 20. Na3 Bc6 21. Qe2 Rb8
22. Rcd1 b5 23. axb5 axb5 24. b4 Na4 25. Nb1 Nb2 26. Rd2 Bh6 27. f4 Nc4 28. Rd3
Bxd5 29. Rxd5 Qb6+ 30. Kh1 Ne3 31. Rxd6 Nxf1 32. Qxf1 Qxd6 33. f5 Red8 34. Nc3
Qxb4 35. fxg6 fxg6 36. Nd5 Rxd5 37. exd5 Rf8 38. Qd3 Qg4 39. d6 e4 40. Qd5+ Kh8
41. d7 Qxg3 42. Qxe4 Bf4 43. Kg1 Be3+ 0-1

[Event "34. Abierto Collado Villalba 2017 - B"]
[Site "Collado Villalba ESP"]
[Date "2017.08.25"]
[Round "4.8"]
[White "Osorio Ramos, Francisco"]
[Black "Criado Riesgo, Manuel"]
[Result "0-1"]
[WhiteElo "1845"]
[BlackElo "1646"]
[PlyCount "192"]
[EventDate "2017.08.22"]
[EventType "swiss"]
[EventRounds "9"]
[EventCountry "ESP"]
[SourceTitle "Ajedrez en Madrid"]
[Source "lmi"]
[SourceDate "2017.08.22"]
[SourceVersion "1"]
[SourceVersionDate "2017.08.31"]
[SourceQuality "1"]

1. d4 d5 2. c4 e6 3. Nc3 Nf6 4. Nf3 Be7 5. Bf4 a6 6. e3 O-O 7. Bd3 dxc4 8. Bxc4
c5 9. dxc5 Qxd1+ 10. Rxd1 Bxc5 11. O-O b5 12. Be2 Bb7 13. a3 Nc6 14. b4 Be7 15.
Bg5 Rad8 16. Nd4 Nxd4 17. exd4 Nd5 18. Bxe7 Nxe7 19. Bd3 Nd5 20. Ne4 Nf4 21.
Nc5 Bxg2 22. Rfe1 Bf3 23. Rd2 Rd5 24. Re3 Rg5+ 25. Kf1 Bg2+ 26. Ke1 Bd5 27. Rg3
Nxd3+ 28. Rdxd3 Rxg3 29. hxg3 Bc4 30. Rd2 Ra8 31. Nd7 Rc8 32. Rc2 Rd8 33. Nb6
Rxd4 34. Nxc4 bxc4 35. a4 g6 36. Rc3 Kf8 37. Ke2 Ke7 38. b5 axb5 39. axb5 Rd5
40. Rxc4 Rxb5 41. Rc7+ Kf6 42. Kf3 Rf5+ 43. Kg2 h5 44. Ra7 Kg5 45. Ra8 h4 46.
Rh8 hxg3 47. Kxg3 Ra5 48. Rf8 Ra3+ 49. Kg2 f5 50. Re8 Kf6 51. Rb8 g5 52. Rh8 g4
53. Rh6+ Ke5 54. Rg6 Ra8 55. Kg3 Re8 56. Rg7 Ke4 57. Ra7 Rg8 58. Ra4+ Ke5 59.
Ra5+ Kf6 60. Ra6 Rh8 61. Rb6 Rh6 62. Ra6 Kg5 63. Ra5 Rh3+ 64. Kg2 Rd3 65. Rb5
Rd5 66. Rb8 e5 67. Rg8+ Kf4 68. Ra8 e4 69. Re8 Re5 70. Ra8 e3 71. Ra4+ Re4 72.
fxe3+ Kxe3 73. Ra3+ Kf4 74. Ra2 Kg5 75. Rb2 Re5 76. Kf2 f4 77. Rb8 g3+ 78. Kg2
Kg4 79. Rg8+ Kf5 80. Rf8+ Ke4 81. Rf7 Ke3 82. Rf8 Re4 83. Rf7 Ra4 84. Re7+ Kd4
85. Kf3 Kd5 86. Rd7+ Ke5 87. Rg7 Kf6 88. Rg8 Ke6 89. Rg5 Kd6 90. Rf5 Ra2 91.
Rg5 Rf2+ 92. Ke4 g2 93. Rg8 f3 94. Ke3 Rf1 95. Rg6+ Ke7 96. Rg7+ Kf6 0-1

[Event "34. Abierto Collado Villalba 2017 - B"]
[Site "Collado Villalba ESP"]
[Date "2017.08.25"]
[Round "4.9"]
[White "Barranco Martinez, Gabriel"]
[Black "Camarero Izquierdo, Juan Carlos"]
[Result "0-1"]
[WhiteElo "1640"]
[BlackElo "1844"]
[PlyCount "106"]
[EventDate "2017.08.22"]
[EventType "swiss"]
[EventRounds "9"]
[EventCountry "ESP"]
[SourceTitle "Ajedrez en Madrid"]
[Source "lmi"]
[SourceDate "2017.08.22"]
[SourceVersion "1"]
[SourceVersionDate "2017.08.31"]
[SourceQuality "1"]

1. e4 c5 2. Nf3 d6 3. d4 cxd4 4. Nxd4 Nf6 5. Nc3 a6 6. Bd3 e6 7. Bg5 Be7 8. O-O
O-O 9. Re1 Nbd7 10. Nf3 b5 11. a4 b4 12. Ne2 Bb7 13. Ng3 h6 14. Be3 Ng4 15. Qd2
Nxe3 16. Rxe3 a5 17. c3 Nc5 18. Qc2 b3 19. Qe2 Bc6 20. Bb5 Bxb5 21. Qxb5 Rb8
22. Qe2 Qd7 23. Qc4 Rfc8 24. e5 d5 25. Qg4 Kh8 26. Nh5 Rg8 27. Qf4 Bd8 28. Nf6
Bxf6 29. exf6 g5 30. Qd4 Rbc8 31. Ne5 Qc7 32. Rh3 Kh7 33. Re1 Rcf8 34. Ree3 Rg6
35. Nxg6 Kxg6 36. Qg4 Ne4 37. Rxe4 dxe4 38. Qxe4+ Kxf6 39. Rxh6+ Ke7 40. Qe3
Qf4 41. Qxf4 gxf4 42. g3 Rd8 43. Rh5 f3 44. h4 Rd1+ 45. Kh2 Rf1 46. Rxa5 Rxf2+
47. Kg1 Rxb2 48. Rb5 Kd6 49. h5 Rg2+ 50. Kf1 b2 51. h6 Rh2 52. h7 Rxh7 53. Kf2
Rh1 0-1

[Event "34. Abierto Collado Villalba 2017 - B"]
[Site "Collado Villalba ESP"]
[Date "2017.08.25"]
[Round "4.10"]
[White "Galan Aguado, Fernando"]
[Black "Herrero Corada, Jose Ignacio"]
[Result "0-1"]
[WhiteElo "1618"]
[BlackElo "1828"]
[PlyCount "86"]
[EventDate "2017.08.22"]
[EventType "swiss"]
[EventRounds "9"]
[EventCountry "ESP"]
[SourceTitle "Ajedrez en Madrid"]
[Source "lmi"]
[SourceDate "2017.08.22"]
[SourceVersion "1"]
[SourceVersionDate "2017.08.31"]
[SourceQuality "1"]

1. d4 c6 2. Nf3 d5 3. Nbd2 Nf6 4. e3 Bf5 5. Ne5 Nbd7 6. g4 Nxe5 7. dxe5 Nxg4 8.
Bh3 Nxf2 9. Qf3 Bxh3 10. Qxf2 Qd7 11. b3 Qf5 12. Nf3 Bg4 13. Rf1 Qxf3 14. Qxf3
Bxf3 15. Rxf3 e6 16. Bb2 Be7 17. Ke2 O-O 18. Rg1 g5 19. h4 h6 20. hxg5 hxg5 21.
Rh1 Kg7 22. Rhf1 c5 23. Rh1 Rh8 24. Rhf1 Raf8 25. Kd3 Rh2 26. a4 a5 27. Bc1 Kg6
28. Rg3 f5 29. exf6 Rxf6 30. Rxf6+ Bxf6 31. c3 e5 32. e4 d4 33. cxd4 cxd4 34.
Ba3 Rh4 35. Bd6 g4 36. Kc4 Kg5 37. Kd5 Kf4 38. Rg1 Rh3 39. Ke6 Bh8 40. b4 axb4
41. Bxb4 Kf3 42. Kf5 g3 43. Be1 g2 0-1